Sanat - "Matkalaulu" - Statistics

Yleistilastot
  • Tätä visaa on pelattu 8 kertaa
  • Keskiarvotulos 212 / 282
Vastaustilastot
Vastaus % Oikein
ja
100%
kun
100%
Kun
100%
leipää
100%
maailmaa
100%
Matkustan
100%
piimää
100%
vaan
100%
ympäri
100%
hän
88%
laukussa
88%
päivää
88%
saan
88%
sanon
88%
sanoo
88%
niin
75%
onnistaa
75%
uuden
75%
ystävän
75%
bon
63%
hiukkasen
63%
jos
63%
jour
63%
mua
63%
do
50%
guten
50%
how
50%
tag
50%
you
50%
ei
38%
Englannin
38%
Japanin
38%
keskelle
38%
konnichi
38%
maan
38%
nyt
38%
ollakaan
38%
Ranskan
38%
Saavunpa
38%
saavunpa
38%
Saksan
38%
Suomen
38%
tarvitse
38%
Venäjän
38%
wa
38%
yksin
38%
trastui
13%
Ehtoja vastaavia visoja ei löytynyt
Tulosjakauma
Jokaisen tuloksen saaneiden osuus
Persentiili vastausten määrän mukaan
Tuloshistoriasi
Et ole pelannut tätä visaa